Music Quiz

Random Music or Clickable Quiz

1980s Song Title Beginnings Quiz Stats

 Plays Quiz Updated Aug 27, 2017

Challenge
Share
Tweet
Embed
Score 0/32 Timer 05:00
0 Plays Today
% Correct
Time
97.4%
Livin'
97.3%
Total
97.2%
Man
97%
Pour
96.9%
Walk
96.9%
Ebony
96.6%
Another
96.2%
Jack
96.1%
Karma
94.6%
Burning
94.6%
Little
94.2%
Bust
93.1%
Waiting
93.1%
Careless
93%
Need
93%
% Correct
Owner
92.7%
Super
92.2%
Electric
91.9%
Rock
91.8%
Upside
91.7%
Start
91.2%
Addicted
91.1%
Fight
90.7%
Radio
90.4%
Wild
90.1%
Separate
89.6%
Flashdance
88.8%
Money
88.5%
Hard
87.2%
Working
81.8%
Cruel
81.2%

You're not logged in!

Compare scores with friends on all Sporcle quizzes.
Join for Free
OR
Log In

You Might Also Like...

Show Comments

Extras

Top Quizzes Today


Score Distribution

Your Account Isn't Verified!

In order to create a playlist on Sporcle, you need to verify the email address you used during registration. Go to your Sporcle Settings to finish the process.

Report this User

Report this user for behavior that violates our Community Guidelines.

Details: